| 000 | 00459nam a22001577a 4500 | ||
|---|---|---|---|
| 999 |
_c7377 _d7377 |
||
| 005 | 20211007133523.0 | ||
| 008 | 211007b ||||| |||| 00| 0 eng d | ||
| 020 | _a9788412267686 | ||
| 040 | _aCDMR | ||
| 100 |
_94675 _aFerri, Llibert |
||
| 245 |
_aSobtadament fràgils _b: dietari de l'esclat del covid |
||
| 260 |
_aBarcelona _b : Sunya _c, 2021 |
||
| 300 |
_a183 pàgines _c ; 22 cm |
||
| 650 | 0 |
_94656 _aCOVID-19 (Malaltia) _xDiaris íntims |
|
| 942 |
_2udc _cMON |
||